Robust adaptive beamforming (Record no. 11991)

000 -LEADER
fixed length control field 01292cam a22003254a 4500
001 - CONTROL NUMBER
control field 13816516
003 - CONTROL NUMBER IDENTIFIER
control field NUST
005 - DATE AND TIME OF LATEST TRANSACTION
control field 20170511192647.0
008 - FIXED-LENGTH DATA ELEMENTS--GENERAL INFORMATION
fixed length control field 041215s2006 njua b 001 0 eng
010 ## - LIBRARY OF CONGRESS CONTROL NUMBER
LC control number 2004065908
020 ## - INTERNATIONAL STANDARD BOOK NUMBER
International Standard Book Number 0471678503 (cloth)
040 ## - CATALOGING SOURCE
Original cataloging agency DLC
Transcribing agency DLC
Modifying agency DLC
042 ## - AUTHENTICATION CODE
Authentication code pcc
050 00 - LIBRARY OF CONGRESS CALL NUMBER
Classification number TK7871.67.A33
Item number R63 2005
082 00 - DEWEY DECIMAL CLASSIFICATION NUMBER
Classification number 621.3824
Edition number 22
245 00 - TITLE STATEMENT
Title Robust adaptive beamforming
Statement of responsibility, etc. Jian Li and Petre Stoica.
260 ## - PUBLICATION, DISTRIBUTION, ETC.
Place of publication, distribution, etc. Hoboken, NJ :
Name of publisher, distributor, etc. John Wiley,
Date of publication, distribution, etc. 2006.
300 ## - PHYSICAL DESCRIPTION
Extent xii, 422 p. :
Other physical details ill. ;
Dimensions 24 cm.
504 ## - BIBLIOGRAPHY, ETC. NOTE
Bibliography, etc. note Includes bibliographical references and index.
650 #0 - SUBJECT ADDED ENTRY--TOPICAL TERM
Topical term or geographic name entry element Beamforming.
9 (RLIN) 609
650 #0 - SUBJECT ADDED ENTRY--TOPICAL TERM
Topical term or geographic name entry element Adaptive antennas.
9 (RLIN) 605
650 #0 - SUBJECT ADDED ENTRY--TOPICAL TERM
Topical term or geographic name entry element Antenna radiation patterns.
9 (RLIN) 610
700 1# - ADDED ENTRY--PERSONAL NAME
Personal name Li, Jian.
9 (RLIN) 611
700 1# - ADDED ENTRY--PERSONAL NAME
Personal name Stoica, Petre.
9 (RLIN) 612
856 42 - ELECTRONIC LOCATION AND ACCESS
Materials specified Contributor biographical information
Uniform Resource Identifier <a href="http://www.loc.gov/catdir/enhancements/fy0619/2004065908-b.html">http://www.loc.gov/catdir/enhancements/fy0619/2004065908-b.html</a>
856 42 - ELECTRONIC LOCATION AND ACCESS
Materials specified Publisher description
Uniform Resource Identifier <a href="http://www.loc.gov/catdir/enhancements/fy0619/2004065908-d.html">http://www.loc.gov/catdir/enhancements/fy0619/2004065908-d.html</a>
856 41 - ELECTRONIC LOCATION AND ACCESS
Materials specified Table of contents only
Uniform Resource Identifier <a href="http://www.loc.gov/catdir/enhancements/fy0619/2004065908-t.html">http://www.loc.gov/catdir/enhancements/fy0619/2004065908-t.html</a>
906 ## - LOCAL DATA ELEMENT F, LDF (RLIN)
a 7
b cbc
c orignew
d 1
e ocip
f 20
g y-gencatlg
942 ## - ADDED ENTRY ELEMENTS (KOHA)
Source of classification or shelving scheme
Koha item type Book
Holdings
Withdrawn status Lost status Damaged status Not for loan Collection code Permanent Location Current Location Shelving location Date acquired Source of acquisition Cost, normal purchase price Total Checkouts Full call number Barcode Date last seen Price effective from Koha item type
          Central Library (CL) Central Library (CL) General Stacks 07/03/2013 A&J Def Tek Consultant 9838.75   621.3824 JIA SEECS012467 07/10/2013 01/05/2017 Book
© 2023 Central Library, National University of Sciences and Technology. All Rights Reserved.